Φορτώνει......

Nagapattinam to Suvarnadwipa: Reflections on the chola naval expeditions to southeast asia

Λεπτομέρειες βιβλιογραφικής εγγραφής
Κύριος συγγραφέας: Kulke, Hermann, ed
Μορφή: Printed Book
Γλώσσα:Undetermined
Έκδοση: Manohar, 2010
Θέματα:
LEADER 00549nam a2200145Ia 4500
008 200324s9999 xx 000 0 und d
082 |a 954.021  |b KUL-N 
100 |a Kulke, Hermann, ed. 
245 0 |a Nagapattinam to Suvarnadwipa: Reflections on the chola naval expeditions to southeast asia 
260 |b Manohar,  |c 2010 
300 |a 337p. 
650 |a Early period-- Ancient History-India 
942 |c BK 
999 |c 282922  |d 282922 
952 |0 0  |1 0  |4 0  |6 954_021000000000000_KULN  |7 0  |9 301465  |a SDE  |b SDE  |d 2012-03-02  |l 0  |o 954.021 KUL-N  |p SDE18590  |r 2020-03-27  |w 2020-03-27  |y BK